Central Library OPAC University of Rajshahi

Management and national growth : (Record no. 4654)

MARC details
000 -LEADER
fixed length control field 00947nam a2200277 4500
001 - CONTROL NUMBER
control field 4654
003 - CONTROL NUMBER IDENTIFIER
rucl marc code BD-RjUL
005 - DATE AND TIME OF LATEST TRANSACTION
control field 20211208233930.0
008 - FIXED-LENGTH DATA ELEMENTS--GENERAL INFORMATION
fixed length control field 131223s1968 pk a 100 0 eng
035 ## - SYSTEM CONTROL NUMBER
System control number (BD-RjUL)4689
040 ## - CATALOGING SOURCE
Original cataloging agency DLC
Transcribing agency DLC
Modifying agency DLC
Language of cataloging eng
041 ## - LANGUAGE CODE
Language code of text/sound track or separate title eng
082 00 - DEWEY DECIMAL CLASSIFICATION NUMBER
Classification number 658.009549
Author mark and year MAN 1968
111 2# - MAIN ENTRY--MEETING NAME
Meeting name or jurisdiction name as entry element Management Convention,
Number [OBSOLETE] 2d,
Location of meeting Karachi,
Date of meeting 1968.
9 (RLIN) 14680
245 10 - TITLE STATEMENT
Title Management and national growth :
Remainder of title proceedings of the Second Management Convention held at Karachi, April 24 and 25, 1968./
Statement of responsibility, etc. Editor: M. Akram Khan.
260 ## - PUBLICATION, DISTRIBUTION, ETC. (IMPRINT)
Place of publication, distribution, etc. Karachi :
Name of publisher, distributor, etc. West Pakistan Management Association,
Date of publication, distribution, etc. 1968.
300 ## - PHYSICAL DESCRIPTION
Pagination 218 p.
Illustrations illus.
Size 22 cm.
350 ## - PRICE (NR) (BK AM CF MU VM SE) [OBSOLETE]
Price 10.00
526 ## - STUDY PROGRAM INFORMATION NOTE
Requested Dept. Economics
650 #0 - SUBJECT ADDED ENTRY--TOPICAL TERM
Topical term or geographic name as entry element Industrial management
Geographic subdivision Pakistan
General subdivision Congresses.
9 (RLIN) 14675
651 #0 - SUBJECT ADDED ENTRY--GEOGRAPHIC NAME
Geographic name Pakistan
General subdivision Economic conditions
-- Congresses.
9 (RLIN) 14676
700 1# - ADDED ENTRY--PERSONAL NAME
Personal name Akram Khan, M.,
Relator term ed.
942 ## - ADDED ENTRY ELEMENTS (KOHA)
Source of classification or shelving scheme Dewey Decimal Classification
Koha item type Books
Holdings
Lost status Source of classification or shelving scheme Damaged status Not for loan Collection code Permanent Location Current Location Shelving location Date acquired Source of acquisition Cost, normal purchase price Total Checkouts Full call number Date last seen Copy number Koha item type
  Dewey Decimal Classification   Not For Loan Non-fiction Central Library, University of Rajshahi Central Library, University of Rajshahi   23/01/1970 Royal Book 10.00   658.009549 MAN 1968 23/12/2013 C-1 Books